The Sarkari Mussalman - The Life And Travails Of A Soldier Educationist (Record no. 349729)
[ view plain ]
| 000 -LEADER | |
|---|---|
| fixed length control field | 00535nam a2200169Ia 4500 |
| 008 - FIXED-LENGTH DATA ELEMENTS--GENERAL INFORMATION | |
| fixed length control field | 230718s9999 xx 000 0 und d |
| 020 ## - INTERNATIONAL STANDARD BOOK NUMBER | |
| International Standard Book Number | 9789322008307 |
| 041 ## - LANGUAGE CODE | |
| Language code of text/sound track or separate title | eng |
| 082 ## - DEWEY DECIMAL CLASSIFICATION NUMBER | |
| Classification number | 355.331092 |
| Item number | SHA |
| 100 ## - MAIN ENTRY--PERSONAL NAME | |
| Personal name | Shah Z.U. |
| 9 (RLIN) | 201565 |
| 245 ## - TITLE STATEMENT | |
| Title | The Sarkari Mussalman - The Life And Travails Of A Soldier Educationist |
| Remainder of title | The Memoirs Of Lt. Gen. Zameer Uddin Shah |
| 260 ## - PUBLICATION, DISTRIBUTION, ETC. (IMPRINT) | |
| Date of publication, distribution, etc. | 2019 |
| Name of publisher, distributor, etc. | Konark |
| 300 ## - PHYSICAL DESCRIPTION | |
| Extent | 202 |
| 365 ## - TRADE PRICE | |
| Currency code | Rs. |
| Price amount | 695.00 |
| 700 ## - ADDED ENTRY--PERSONAL NAME | |
| Personal name | Shah Z.U. |
| 9 (RLIN) | 201565 |
| 906 ## - LOCAL DATA ELEMENT F, LDF (RLIN) | |
| d | O:0643402-Mar-2019B:500120-Feb-2019 |
| c | GENRL |
| b | 152.9 |
| Withdrawn status | Lost status | Damaged status | Not for loan | Home library | Current library | Date acquired | Vendor | Budget Code | Cost, normal purchase price | Bill number | Total Checkouts | Full call number | Barcode | Date last seen | Discount | Cost, replacement price | Bill Date | Koha item type | Original Barcode |
|---|---|---|---|---|---|---|---|---|---|---|---|---|---|---|---|---|---|---|---|
| Cummins College of Engineering for Women Pune | Cummins College of Engineering for Women Pune | 02/03/2019 | Technical Book Services | GENRL | 542.10 | 5001 | 355.331092 | CCEP-BK-60936 | 18/07/2023 | 152.9 | 695.00 | 20/02/2019 | Books | 060936 |